000
00329nam a2200133Ia 4500
005
20251222155106.0
008
251222s9999||||xx |||||||||||||| ||spa||
082
_a
SIC.78
100
_a
Corporación técnica
245
0
_a
Emprendiendo acciones educativas con adolescentes
250
_a
1ra. ed.
264
_b
GTZ
942
_c
LIB
999
_c
37849
_d
37849